| 000 | 00590nam a2200157Ia 4500 | ||
|---|---|---|---|
| 008 | 150609s9999 xx 000 0 und d | ||
| 050 |
_aBF 724 _b.D418 2015 |
||
| 100 | _aDe Ocampo, Lorraine M. | ||
| 245 |
_aPsychosocial development and personality types of selected late adolescents exposed to anime / _cLorraine M. De Ocampo. |
||
| 260 |
_aLas PiƱas, Philippines : _bSISC, _c2015. |
||
| 300 |
_a106 pages: _billustrations ; _c28 cm. |
||
| 500 | _aIncludes bibliographical references and appendices. | ||
| 650 | _aAdolescent | ||
| 650 | _aPsychosocial development | ||
| 650 | _xPsychology | ||
| 999 |
_c285093 _d285093 |
||